| 000 | 00513nam a22001697a 4500 | ||
|---|---|---|---|
| 003 | BD-ChCU | ||
| 005 | 20260105092929.0 | ||
| 008 | 260105b bg ||||| |||| 00| 0 ben d | ||
| 040 | _cBD-ChCU | ||
| 082 | _aREF 491.232 STU | ||
| 100 |
_aVaman Shivram Apte. _918591 |
||
| 245 |
_aThe student's sanskrit - English dictionary ./ _cShivram Apte , Vaman . |
||
| 260 |
_aDelhi : _bMotilal Banarsidass , _cC 1979 |
||
| 300 | _aviii , 664p | ||
| 650 | 0 |
_aSanskrit language - Dictionaries . _918593 |
|
| 942 |
_2ddc _cBK _n0 |
||
| 999 |
_c110693 _d110693 |
||